Statistics for NFL Teams’ Last Thanksgiving Game

Click here to take the quiz!

General Stats

  • This quiz has been taken 14 times
  • The average score is 12 of 31

Answer Stats

Last Thanksgiving ResultNFL Team% Correct
2023: Lost vs Green Bay Packers 29-22Detroit Lions
93%
2022: Won vs New England Patriots 33-26Minnesota Vikings
93%
2022: Lost at Minnesota Vikings 33-26New England Patriots
93%
2023: Won vs Washington Commanders 45-10Dallas Cowboys
86%
2022: Lost at Dallas Cowboys 28-20New York Giants
86%
2022: Won at Detroit Lions 28-25Buffalo Bills
79%
2021: Won at Detroit Lions 16-14Chicago Bears
57%
2023: Lost vs San Francisco 49ers 31-13Seattle Seahawks
50%
2023: Won at Detroit Lions 29-22Green Bay Packers
43%
2021: Lost vs Buffalo Bills 31-6New Orleans Saints
43%
2017: Won at Dallas Cowboys 28-6Los Angeles Chargers
36%
1975: Won at Detroit Lions 20-0Los Angeles Rams
36%
2023: Won at Seattle Seahawks 31-13San Francisco 49ers
36%
2023: Lost at Dallas Cowboys 45-10Washington Commanders
36%
2019: Lost vs New Orleans Saints 26-18Atlanta Falcons
29%
2020: Won at Detroit Lions 41-25Houston Texans
29%
2006: Won vs Denver Broncos 19-10Kansas City Chiefs
29%
2021: Won at Dallas Cowboys 36-33Las Vegas Raiders
29%
2012: Lost vs New England Patriots 49-19New York Jets
29%
2015: Lost at Detroit Lions 45-14Philadelphia Eagles
29%
2016: Won at Indianapolis Colts 28-7Pittsburgh Steelers
29%
2009: Won vs New York Giants 26-6Denver Broncos
21%
2016: Lost vs Pittsburgh Steelers 28-7Indianapolis Colts
21%
2011: Lost at Dallas Cowboys 20-19Miami Dolphins
21%
2006: Lost at Dallas Cowboys 38-10Tampa Bay Buccaneers
21%
2008: Won at Detroit Lions 47-10Tennessee Titans
21%
2008: Lost at Philadelphia Eagles 48-20Arizona Cardinals
14%
2013: Won vs Pittsburgh Steelers 22-20Baltimore Ravens
14%
2015: Won at Dallas Cowboys 33-14Carolina Panthers
14%
2010: Lost at New York Jets 26-10Cincinnati Bengals
14%
1989: Lost at Detroit Lions 13-10Cleveland Browns
14%

Score Distribution

Percentile by Number Answered

Percent of People with Each Score

Your Score History

You have not taken this quiz